| 000 | nam a22 a 4500 | ||
|---|---|---|---|
| 999 |
_c484237 _d484237 |
||
| 003 | BLK | ||
| 005 | 20221206101543.0 | ||
| 008 | 210224b bu ||||| |||| 00| 0 bu d | ||
| 040 | _aBLK | ||
| 041 |
_aBUL _cBUL |
||
| 080 |
_aОбщи въпроси на търговията. Пазар _b339.1 _z339.1 |
||
| 139 | _aСоциалистическа организация на труда в сферата на общественото обслужване | ||
| 245 |
_aСоциалистическа организация на труда в сферата на общественото обслужване _b[Учебник] за системата на парт. просв. и икон. образование _c Янко Вакрилов и др. ; състав., ред. Иван Виденов, Кръстьо Опров. |
||
| 250 | _a[2.] изд | ||
| 260 |
_9211414 _aСофия _bПартиздат _c1980 _n954-406- |
||
| 300 |
_a34 л. _bсх., диагр. _c41Х58 см сгън.41Х30 см |
||
| 380 | _a3 | ||
| 490 |
_9205510 _aЗа системата на икономическото образование |
||
| 500 | _aДруги авт. : Кръстьо Опров, Иван Виденов, Рад Пеовски, Ташо Пачев, отбелязани на гърба на загл. с 1. изд. 1979 ; В кн. означено 1. доп. изд . | ||
| 650 | 0 |
_9274764 _aОрганизация на труда, социалистическа |
|
| 653 | 0 |
_9410626 _aбитово обслужване |
|
| 700 | 1 |
_945119 _aВакрилов, Янко _eсъавт. |
|
| 852 |
_aЦб 104101 _bЦб |
||
| 856 |
_i0.00 _ldisable |
||
| 942 |
_2udc _cKNG _n0 _s1 |
||
| 944 |
_aCR _c2022-12-06 _kир |
||
| 999 | _d484237 | ||
| 999 | _d484237 | ||
| 999 | _d484237 | ||